Click Countries by Population #5 - Statistics

General Stats
  • This quiz has been taken 219 times
  • The average score is 9 of 16
Answer Stats
Hint Answer % Correct
174 mil Bangladesh
90%
114 mil Egypt
85%
67.6 mil France
81%
39.0 mil Canada
73%
13.0 k Nauru
72%
52.2 mil Colombia
69%
8.97 mil Austria
56%
414 k Bahamas
50%
108 k Seychelles
50%
2.12 mil Slovenia
50%
4.50 mil Panama
41%
11.8 mil Haiti
39%
17.0 mil Cambodia
38%
817 k Guyana
38%
31.1 mil Nepal
36%
23.8 mil Syria
34%
No matching quizzes found
Score Distribution
Percent of People with Each Score
Percentile by Number Answered
Your Score History
You have not taken this quiz